| 000 | 00490nam a22001697a 4500 | ||
|---|---|---|---|
| 008 | 230619b |||||||| |||| 00| 0 eng d | ||
| 040 |
_aNational Science Library _cNational Science Library |
||
| 080 |
_a621.311.1 _bN0 |
||
| 100 |
_aRyder, John D _911930 |
||
| 245 | _aNetworks, lines and fields | ||
| 250 | _a2nd ed. | ||
| 260 |
_aNew Delhi: _bPrentice-Hall of India Private Limited, _c1990 |
||
| 300 | _axi, 591p. | ||
| 650 | _aNetworks | ||
| 653 | _aScience | ||
| 942 |
_2udc _cBK |
||
| 999 |
_c44654 _d44654 |
||